| 000 -LEADER |
| fixed length control field |
01841cam a2200301 i 4500 |
| 003 - CONTROL NUMBER IDENTIFIER |
| control field |
OSt |
| 005 - DATE AND TIME OF LATEST TRANSACTION |
| control field |
20220316143722.0 |
| 008 - FIXED-LENGTH DATA ELEMENTS--GENERAL INFORMATION |
| fixed length control field |
171017s2018 sz a b 001 0 eng |
| 010 ## - LIBRARY OF CONGRESS CONTROL NUMBER |
| LC control number |
2017049947 |
| 020 ## - INTERNATIONAL STANDARD BOOK NUMBER |
| International Standard Book Number |
9783035604313 (hardback) |
| 040 ## - CATALOGING SOURCE |
| Original cataloging agency |
DLC |
| Language of cataloging |
eng |
| Description conventions |
rda |
| Transcribing agency |
DLC |
| Modifying agency |
DLC |
| 041 1# - LANGUAGE CODE |
| Language code of text/sound track or separate title |
eng |
| Language code of original and/or intermediate translations of text |
ger |
| 042 ## - AUTHENTICATION CODE |
| Authentication code |
pcc |
| 082 00 - DEWEY DECIMAL CLASSIFICATION NUMBER |
| Classification number |
701/.8 |
| Edition number |
23 |
| 084 ## - OTHER CLASSIFICATION NUMBER |
| Classification number |
ARC000000 |
| -- |
ARC007000 |
| Source of number |
bisacsh |
| 100 1# - MAIN ENTRY--PERSONAL NAME |
| Personal name |
Kleine, Holger, |
| Relator term |
author. |
| 240 10 - UNIFORM TITLE |
| Uniform title |
<a href="Raumdramaturgie.">Raumdramaturgie.</a> |
| Language of a work |
English |
| 245 14 - TITLE STATEMENT |
| Title |
The drama of space : |
| Remainder of title |
spatial sequences and compositions in architecture / |
| Statement of responsibility, etc |
Holger Kleine. |
| 300 ## - PHYSICAL DESCRIPTION |
| Extent |
294 pages : |
| Other physical details |
illustrations ; |
| Dimensions |
31 cm |
| 504 ## - BIBLIOGRAPHY, ETC. NOTE |
| Bibliography, etc |
Includes bibliographical references (pages 284-286) and index. |
| 520 ## - SUMMARY, ETC. |
| Summary, etc |
"The experience of architectural spaces is formed by the way they are structured, arranged and orchestrated. The Drama of Space examines the composition and articulation of architectural spaces and presents a repertoire of means and strategies for shaping spatial experience. This fundamental approach to architectural design is presented in four parts - principles of spatial dramaturgy are traced from the study of three assembly buildings of the early modern age in Venice - theatre, film, music and theory provide insight into dramaturgical theory and practice - extensive visits to 18 international case studies offer new perspectives on contemporary architecture - the book ends with a systematic presentation of the dramaturgy of space and its means and parameters in architectural design"--Page 4 of cover. |
| 650 #0 - SUBJECT ADDED ENTRY--TOPICAL TERM |
| Topical term or geographic name as entry element |
Architecture |
| General subdivision |
Composition, proportion, etc. |
| 650 #0 - SUBJECT ADDED ENTRY--TOPICAL TERM |
| Topical term or geographic name as entry element |
Space (Architecture) |
| General subdivision |
Psychological aspects. |
| 650 #7 - SUBJECT ADDED ENTRY--TOPICAL TERM |
| Topical term or geographic name as entry element |
ARCHITECTURE / General. |
| Source of heading or term |
bisacsh |
| 650 #7 - SUBJECT ADDED ENTRY--TOPICAL TERM |
| Topical term or geographic name as entry element |
ARCHITECTURE / Interior Design / General. |
| Source of heading or term |
bisacsh |
| 700 1# - ADDED ENTRY--PERSONAL NAME |
| Personal name |
Reisenberger, Julian, |
| Relator term |
translator. |
| 942 ## - ADDED ENTRY ELEMENTS (KOHA) |
| Source of classification or shelving scheme |
|